00877cam a22002531 4500001001300000003000400013005001700017008004100034010001700075035002000092040002100112042001200133050001800145100001700163245014000180260004800320300003000368500008700398504004100485600004200526740001700568752002100585999001700606he 68000440 DLC20260227111453.0850306s1967 is c b 000 0bheb  ahe 68000440  a(OCoLC)19186582 aDLCcMHdCUdDLC apremarc00aDS135.R95bS81 aEnav, Moshe.10aBe-saʻarat ha-ḥayim :bDoḳṭor Yitsḥaḳ Naḥman Shṭainberg, li-demuto ule-derekh ḥayaṿ /cMosheh ʻEnav (Ṿainṭroib) a[Tel Aviv] :bMaḥbarot le-sifrut,c[1967] a98 p. :bports. ;c21 cm. aAdded t.p.: Stormy life; Dr. Isaac Nachman Steinberg, the man and his way of life. aIncludes bibliographical references.10aSteinberg, Isaac Nachman,d1888-1957.0 aStormy life. aIsraeldTel Aviv c32918d32918